000 00724nam a2200253Ia 4500
003 GCL
008 140319s9999 xx 000 0 ara d
040 _aGCL /
_cGCL
082 0 4 _aق
_b962.06
_bا غ
100 1 _aاحمد حمروش
245 1 0 _aغروب يوليو /
_cاحمد حمروش
260 _a[S.N] :
_bدار المستقبل العربى ،
_c1987
300 _a248 ص
490 _a
650 0 4 _aالعصر الحديث
650 0 4 _aمصر
650 0 4 _aتاريخ
650 0 4 _aالاحوال السياسية
650 0 4 _aالعلاقات الخارجية
650 0 4 _aثورة 23 يوليو 1952
650 0 4 _aالسلام
650 0 4 _aجمال عبدالناصر
942 _2ddc
_cBK
999 _c58031
_d58031